| 000 | 00962cam a22002535a 4500 | ||
|---|---|---|---|
| 001 | 15773844 | ||
| 005 | 20170105102352.0 | ||
| 008 | 090612s2009 ohu 000 0 eng | ||
| 010 | _a 2009930547 | ||
| 020 | _a0495668184 | ||
| 040 |
_aDLC _cDLC _dDLC |
||
| 100 | 1 | _aPeter, V. O'Neil. | |
| 245 | 1 | 0 |
_aElements of advanced engineering mathematics _cPeter V. O'Neil. |
| 260 |
_aMason, OH : _bCengage, _c2009. |
||
| 263 | _a0910 | ||
| 300 |
_axi, 478 p. _bill.; _c25 cm. |
||
| 500 | _aIncludes index. | ||
| 856 | 4 | 2 |
_3Contributor biographical information _uhttp://www.loc.gov/catdir/enhancements/fy1105/2009930547-b.html |
| 856 | 4 | 2 |
_3Publisher description _uhttp://www.loc.gov/catdir/enhancements/fy1105/2009930547-d.html |
| 856 | 4 | 1 |
_3Table of contents only _uhttp://www.loc.gov/catdir/enhancements/fy1105/2009930547-t.html |
| 906 |
_a0 _bibc _corignew _d2 _eepcn _f20 _gy-gencatlg |
||
| 942 |
_2ddc _cBK |
||
| 999 |
_c11965 _d11965 |
||